000 00718nam a2200253 a 4500
999 _c13217
_d13216
005 20180430144212.0
008 960221s1955 dcuabcdjdbkoqu001 0deng d
080 _a527(083)
_bNOR
100 _aBlance, A G
_eed.
245 _aNories's nautical tables:
_bwith explanations of their use
260 _aCambridge
_bShin
_cEngland, Inray Louric Norie and Wilson, 1977
300 _avi, 547p.
500 _a
653 _anautical tables
_aNavigation
_aNautical astronomy
_aAeronautical astronomy
942 _cBK
003 ViArRB